01418cam a22003375a 4500999001700000003000900017005001700026008004100043020001800084020001500102040004300117082002000160100004200180245013300222250002200355264005600377300004000433336002600473337002800499338002700527500002000554520020000574590001700774650003800791650003600829653002300865655001700888700004100905942001200946952012200958 c25629d25601EG-ScBUE20191218093308.0171121r20072002enka f 001 0 eng d a9780521789578 a0521789575 aEG-ScBUEbengerdacEG-ScBUEdEG-ScBUE04a428.24bMCC2221 aMcCarthy, Michael,‏e1947-dauthor.10aEnglish idioms in use :b60 units of vocabulary and practice, self study and classroom use /cMichael McCarthy, Felicity O'Dell. aSeventh printing. 1aCambridge, UK :bCambridge University Press,c2007. a190 pages :billustrations ;c25 cm 2rdacontentatextbtxt 2rdamediaaunmediatedbn 2rdacarrieravolumebnc aIncludes index. a"English Idioms in Use Advanced is a vocabulary book for advanced level learners. It is primarily designed as a self-study reference and practice book but it can also be used for classroom work." ashimaahisham 7aEnglish language.xIdioms.2BUEsh 7aEnglish languagexUsage.2BUEsh cJuly2019bHHUUEENN vReading book1 aO'Dell, Felicity,‏d1947-eauthor. 2ddccBB 00102ddc4070aMAINbMAINc2NDd2017-11-21eDonationl0o428.24 MCCp000042280r2025-07-15 00:00:00w2017-11-21yBB